[Event "Grand Prix Jerusalem 2019"]
[Site "Jerusalem"]
[Date "2019.12.13"]
[Round "1.4"]
[White "Wei, Yi"]
[Black "Giri, Anish"]
[Result "1-0"]
[WhiteElo "2725"]
[BlackElo "2769"]
[Annotator "TA"]
[PlyCount "71"]
[EventDate "2019.12.11"]
[EventType "k.o."]
[EventCountry "ISR"]
[SourceTitle "playchess.com"]
[Source "ChessBase"]
[SourceQuality "1"]

{[%evp 9,71,6,0,0,9,0,18,3,15,-9,0,-2,15,5,14,-20,9,6,4,-7,0,0,0,0,8,7,18,0,0,-6,18,20,10,-6,-6,-12,-7,-8,0,0,0,0,0,-8,0,-14,0,-53,-56,-38,-42,-34,301,300,295,215,596,562,668,666,656,243,635,618]} 1. e4 c5 2. Be2 Nc6 3. f4 d5 4. d3 g6 5. Nf3 Nf6 6. e5 {B21: Sicilian: 2 f4 and Morra Gambit} (6. Nc3 d4 7. Nb1 Bh6 8. O-O Qc7 9. Ng5 Bg7 10. a4 h6 11. Nf3 {½-½ (47) McShane,L (2640)-Rapport,R (2707) Riadh 2017}) 6... Nh5 7. O-O Ng7 $146 ({Predecessor:} 7... Bh6 8. Ne1 Ng7 9. c3 f6 {½-½ (26) Avramidou,A (2249)-Bronstein,O (2404) Anogia 2019}) 8. Be3 {The position is equal.} d4 9. Bf2 Ne6 10. g3 Bg7 11. Nbd2 O-O 12. c3 f6 13. exf6 exf6 14. Qb3 Kh8 15. Rfe1 b6 16. Bf1 dxc3 17. bxc3 ({But not} 17. Rxe6 $2 Na5 $19) 17... Nc7 18. Rad1 Be6 19. Qb2 Qd7 20. d4 cxd4 21. Nxd4 Nxd4 22. Bxd4 Bg4 $36 {[%mdl 2048] Black has good play.} 23. Be2 Rae8 24. Bxg4 Qxg4 25. Nc4 Nd5 26. Qf2 Rd8 27. Rd3 Rfe8 28. Nd6 (28. Ne3 $11 Qe6 29. c4) 28... Rxe1+ $15 29. Qxe1 Kg8 30. Ne8 {Threatens to win with Bxf6!} Nxf4 $2 {[%mdl 8192] [#]} (30... Qf5 $15 31. Rd2 Bf8) 31. Qe7 $1 $18 {[%csl Ge8][%cal Re7g7][%mdl 576] Double Attack} Nh3+ 32. Kf1 {[%csl Ge8][%cal Re7g7]} Qf5+ $2 {[#]} (32... Qd7 33. Qxg7+ Qxg7 34. Nxg7 Kf7) 33. Kg2 $1 {[%csl Ge8][%cal Re7g7][%mdl 512]} Rd7 34. Nxf6+ Bxf6 35. Qe8+ Kg7 {[#] ( -> ...Rxd4)} 36. Qxd7+ $1 {[%mdl 512] Accuracy: White = 57%, Black = 35%.} 1-0

[Event "Grand Prix Jerusalem 2019"]
[Site "Jerusalem"]
[Date "2019.12.13"]
[Round "1.4"]
[White "Andreikin, Dmitry"]
[Black "Wojtaszek, Radoslaw"]
[Result "1-0"]
[WhiteElo "2724"]
[BlackElo "2725"]
[Annotator "TA"]
[PlyCount "107"]
[EventDate "2019.12.11"]
[EventType "k.o."]
[EventCountry "ISR"]
[SourceTitle "playchess.com"]
[Source "ChessBase"]
[SourceQuality "1"]

{[%evp 11,107,-15,10,-7,-5,0,12,5,9,6,6,13,6,17,19,14,13,7,11,13,16,14,18,4,40,0,0,-12,-10,-7,-6,-14,11,2,8,6,7,0,6,5,12,12,12,12,8,5,13,-45,7,0,0,0,0,0,0,0,0,0,0,-241,-191,-202,0,0,0,0,291,284,524,508,698,695,688,688,667,588,579,583,657,652,657,619,667,660,640,629,1473,1289,1322,1363,1266,1257,1215,1127,1035,996,966,649]} 1. d4 Nf6 2. Nf3 d5 3. c4 e6 4. e3 Be7 5. Nc3 O-O 6. a3 c5 7. dxc5 $146 {D37: Queen's Gambit Declined: 5 Bf4} (7. cxd5 cxd4 8. exd4 exd5 9. Bd3 Nc6 10. h3 Be6 11. O-O Rc8 12. Re1 Re8 13. Bc2 g6 14. Bf4 Bf8 {1-0 (48) Andreikin,D (2696)-Magalashvili,D (2463) Baku 2011}) 7... dxc4 8. Qc2 Qa5 9. Bxc4 {Black must now prevent b4.The position is equal.} Qxc5 10. Bd3 b6 11. b4 Qc7 $1 12. Bb2 Bb7 13. Rc1 Rc8 14. Qb1 Qd8 15. O-O Nbd7 16. Rfd1 h6 17. e4 a5 18. e5 Nd5 19. Nxd5 Bxd5 20. Bh7+ Kh8 {aiming for ...Rxc1.} 21. Be4 Rxc1 22. Bxc1 axb4 23. Bxd5 exd5 24. axb4 Nf8 25. Nd4 Qd7 26. Nf5 Ng6 27. Bb2 Bf8 28. Nxh6 {Threatening Nf5.} Ra4 29. Re1 (29. Qf5 $11 Qxf5 30. Nxf5) 29... Nf4 (29... Rxb4 $2 30. e6 $1 $18 {[%mdl 512]}) ({Black should try} 29... Qe6 $15 30. Nf5 Bxb4) 30. e6 fxe6 31. g3 d4 32. Ng4 {And now Ne5 would win.} Nh3+ 33. Kg2 $1 Ng5 34. Ne5 $36 {[%mdl 2048] Black is under pressure.} Qd5+ 35. Kg1 $2 (35. f3 $11 Rxb4 36. Qc1) 35... Nh3+ $19 ({Less strong is} 35... Rxb4 36. h4 $17) (35... Bxb4 36. Rc1) 36. Kf1 Qh1+ $2 ({Much less strong is} 36... Bxb4 37. Rc1 $17) ({And not} 36... Ra2 37. f3 $11) (36... Rxb4 $19 {Hoping for ...Rb3.} 37. f3 Qb5+ 38. Nd3 Rb3) 37. Ke2 $11 Qg2 38. Bxd4 Kg8 $2 {[%mdl 8192] [#]} (38... Rxb4 $11 {and Black stays safe.} 39. Nf7+ Kg8 40. Nh6+ Kh8 41. Nf7+ Kg8 42. Nh6+ Kh8 43. Nf7+) 39. Qb3 $1 $18 {[%cal Rb3e6]} Qe4+ $2 (39... Ra7 40. Qxe6+ {[%mdl 64] Double Attack} Kh7 41. Qf5+ Kg8) 40. Be3 {White is clearly winning.} Rxb4 41. Qxe6+ {[%mdl 64] Double Attack} Kh7 42. Qxh3+ Kg8 43. Nd3 Ra4 {( -> ...Ra2+)} 44. Rd1 Ra2+ 45. Rd2 Ra1 46. f3 Qc4 47. Qg4 Qb3 48. Bf2 Qb1 49. Qe6+ {[%mdl 64] Double Attack} Kh7 50. Qh3+ Kg8 51. Bd4 Ra7 52. Qe6+ {[%mdl 64] Double Attack} Kh7 53. Qe4+ Kg8 54. Ne5 {Accuracy: White = 64%, Black = 54%.} 1-0

[Event "Grand Prix Jerusalem 2019"]
[Site "Jerusalem"]
[Date "2019.12.13"]
[Round "1.4"]
[White "Navara, David"]
[Black "Wang, Hao"]
[Result "1/2-1/2"]
[WhiteElo "2707"]
[BlackElo "2756"]
[Annotator "TA"]
[PlyCount "76"]
[EventDate "2019.12.11"]
[EventType "k.o."]
[EventCountry "ISR"]
[SourceTitle "playchess.com"]
[Source "ChessBase"]
[SourceQuality "1"]

{[%evp 25,76,31,27,9,13,9,14,9,17,8,11,0,0,0,0,-29,0,0,7,0,7,0,0,0,17,0,9,9,10,10,18,0,0,0,0,0,0,0,0,0,0,0,0,0,0,0,0,0,0,0,0,0,0]} 1. d4 d5 2. c4 e6 3. Nf3 Nf6 4. g3 Be7 5. Bg2 O-O 6. Nc3 Nbd7 7. Qd3 c6 8. O-O b6 9. b3 Bb7 10. Rd1 Rc8 11. e4 dxe4 12. Nxe4 c5 13. Nxf6+ Nxf6 14. Bb2 {E07: Closed Catalan: Main Line (5 Nf3 0-0 6 0-0 Nbd7)} cxd4 15. Nxd4 $146 ({Predecessor:} 15. Bxd4 Bc5 16. Bxc5 Qxd3 17. Rxd3 Rxc5 18. Re1 Bxf3 19. Bxf3 Rfc8 20. Bb7 Rb8 21. Bg2 Kf8 {½-½ (38) Inkiov,V (2465)-Boudre,J (2390) Maromme 1994}) 15... Bxg2 16. Kxg2 a6 17. Qf3 {[#] Hoping for Nxe6!} Qc7 18. a3 Rfd8 19. b4 Nd7 {[%cal Bf6d7,Bd7c5,Bc5b3,Bb3c1][%mdl 32]} ({Not} 19... Qxc4 $2 20. Rac1 $18) 20. Rac1 (20. Qe4 $5 {[%cal Rd4e6]}) 20... Bf6 (20... Bg5 $5 {[%cal Rg5c1]} 21. Rc2 Ne5 $15) 21. Qe4 {The position is equal.} h6 22. Ba1 Kh8 23. h4 Kg8 24. b5 Nc5 25. Qg4 {White wants to play Nc6.} Bxd4 26. Bxd4 Rxd4 27. Rxd4 {Threatens to win with Rcd1.} Nb3 28. bxa6 {Black must now prevent Rb1.} Nxc1 29. Qd1 Qc6+ 30. Kg1 Qa8 31. Qxc1 Qxa6 $11 {[%mdl 4096] Endgame KQR-KQR} 32. Qc3 Qb7 33. h5 Qc7 34. Qd3 Qc5 35. Rd7 Rf8 36. Rb7 Qc6 37. Rd7 Qc5 38. Rb7 Qc6 {Accuracy: White = 48%, Black = 76%.} 1/2-1/2

[Event "Grand Prix Jerusalem 2019"]
[Site "Jerusalem"]
[Date "2019.12.13"]
[Round "1.4"]
[White "Jakovenko, Dmitry"]
[Black "Mamedyarov, Shakhriyar"]
[Result "1-0"]
[WhiteElo "2698"]
[BlackElo "2772"]
[Annotator "TA"]
[PlyCount "77"]
[EventDate "2019.12.11"]
[EventType "k.o."]
[EventCountry "ISR"]
[SourceTitle "playchess.com"]
[Source "ChessBase"]
[SourceQuality "1"]

{[%evp 11,77,11,12,11,33,11,11,14,37,29,33,1,91,-39,-37,-58,-43,-37,86,87,76,67,84,83,79,85,77,77,66,81,120,98,145,62,173,165,205,199,210,188,287,312,285,285,391,271,269,257,374,373,463,458,439,293,421,395,429,404,517,316,324,324,322,312,299,292,1192,1151]} 1. e4 e5 2. Nf3 Nc6 3. Bc4 Bc5 4. c3 Nf6 5. d3 d6 6. O-O a6 7. a4 {C54: Giuoco Piano: 4 c3 Nf6, main lines with 5 d4 and 5 d3} Ba7 (7... h6 8. Nbd2 O-O 9. Re1 Re8 10. Nf1 Ba7 11. Ng3 Be6 12. Bxe6 Rxe6 13. b4 d5 14. Qb3 Qd7 15. h3 Rd8 {0-1 (76) Yu,Y (2751)-Harikrishna,P (2723) Shenzhen 2019}) 8. Re1 Ng4 9. Re2 {The position is equal.} Qf6 10. Nbd2 g5 {next ...Nxf2 is good for Black.} 11. d4 Rg8 $146 (11... exd4 $11 12. e5 Ngxe5 13. cxd4 (13. Ne4 Qg6 $17) 13... Bxd4) ({Predecessor:} 11... exd4 12. e5 dxe5 13. Ne4 Qg6 14. Nexg5 {1-0 (30) Spyropoulos,N (2400)-Hakobyan,A (2554) Karlsruhe 2019}) 12. Nf1 (12. b4 $16) 12... exd4 $15 {[#]} 13. e5 $1 {[%mdl 512]} dxe5 {And now ...dxc3 would win.} (13... Ncxe5 14. cxd4) 14. cxd4 Kf8 (14... Be6 $15 15. Bxe6 Qxe6) 15. h3 $36 {[%mdl 2048] White is really pushing.} Nxd4 16. Nxd4 Bxd4 17. hxg4 Bxg4 18. Be3 Rd8 19. Qc2 Bxe2 20. Bxe2 Kg7 21. Ng3 {[#] Nh5+ is the strong threat.} Kh8 22. Ra3 ({Better is} 22. Qxc7 $16 Qc6 23. Qxf7) 22... g4 (22... c6 $14) 23. Qxc7 $18 Rc8 24. Qxb7 Rc1+ 25. Nf1 g3 (25... a5 {might work better.} 26. Rb3 g3 27. Bxd4 exd4 28. fxg3 d3 29. Bxd3 (29. Rxd3 Re8 $16) 29... Rxg3 30. Qb8+ {[%mdl 64] Double Attack} Rg8) 26. Bxd4 exd4 27. Rf3 ({Weaker is} 27. Rxg3 Rxg3 28. fxg3 Qe5 $14) (27. fxg3 $6 Qe5 $16) 27... Qe5 28. Bd3 gxf2+ 29. Rxf2 Qe3 (29... a5 $142 30. Qxf7 Rc7) 30. Qxa6 Rd1 31. Bc2 Rc1 32. Qd3 {[%csl Gc2][%cal Rd3h7]} (32. Qf6+ Rg7 $18) 32... Rg6 (32... Qxd3 $142 33. Bxd3 Rd1) 33. a5 {[%cal Ba4a5,Ba5a6][%mdl 32]} Rh6 34. a6 {Threatens to win with a7.} Qe5 {[%csl Gh6][%cal Re5h2]} 35. g3 Qd5 {[%csl Gd5][%cal Rh6h1]} 36. Rh2 Rg6 37. a7 Ra1 38. Qe4 Qd8 $2 (38... Qxe4 39. Bxe4 Rga6 40. a8=Q+ (40. Rxh7+ Kg8 $16) 40... Rxa8 41. Bxa8 (41. Rxh7+ Kg8 $16) 41... Rxa8) 39. Qe5+ {Accuracy: White = 46%, Black = 26%.} 1-0

[Event "Grand Prix Jerusalem 2019"]
[Site "Jerusalem"]
[Date "2019.12.13"]
[Round "1.4"]
[White "Gelfand, Boris"]
[Black "Nepomniachtchi, Ian"]
[Result "0-1"]
[WhiteElo "2684"]
[BlackElo "2767"]
[Annotator "RC"]
[PlyCount "81"]
[EventDate "2019.12.11"]
[EventType "k.o."]
[EventCountry "ISR"]
[SourceTitle "playchess.com"]
[Source "ChessBase"]
[SourceQuality "1"]
[TimeControl "1500+10"]

1. Nf3 Nf6 2. c4 g6 3. Nc3 Bg7 4. e4 e5 5. Nxe5 O-O 6. f4 d6 7. Nf3 Nxe4 8. Nxe4 Re8 9. d3 f5 10. Be2 fxe4 11. dxe4 Na6 12. O-O Nc5 13. f5 gxf5 14. Ng5 Qe7 15. Bh5 Rf8 16. Qd5+ Be6 17. Nxe6 c6 18. Bg5 Qxg5 19. Qxc5 Qe7 20. Qf2 Qxe6 21. exf5 Qxc4 22. Kh1 Kh8 23. Qg3 Be5 24. Qh3 Rf6 25. Bg6 Qg8 26. Rae1 Raf8 27. Rf3 Kg7 28. Bh5 Qxa2 29. Rb3 Rxf5 30. Rxb7+ Kg8 31. Qg4+ Kh8 32. Rxh7+ Kxh7 33. Bg6+ Kh6 34. Bxf5 Qg8 35. Qh3+ Kg7 36. Re4 Kf6 37. Rg4 Qd5 38. Rg6+ Ke7 39. Qh4+ Ke8 40. Qh5 Kd8 41. Qg5+ 0-1

[Event "Grand Prix Jerusalem 2019"]
[Site "Jerusalem"]
[Date "2019.12.13"]
[Round "1.5"]
[White "Mamedyarov, Shakhriyar"]
[Black "Jakovenko, Dmitry"]
[Result "1/2-1/2"]
[WhiteElo "2772"]
[BlackElo "2698"]
[Annotator "ChessBase"]
[PlyCount "43"]
[EventDate "2019.12.11"]
[EventType "k.o."]
[EventCountry "ISR"]
[SourceTitle "playchess.com"]
[Source "ChessBase"]
[SourceQuality "1"]
[TimeControl "600+10"]

1. d4 Nf6 2. c4 e6 3. Nc3 Bb4 4. Qc2 O-O 5. a3 Bxc3+ 6. Qxc3 d5 7. Bg5 dxc4 8. Qxc4 b6 9. Rd1 Ba6 10. Qa4 h6 11. Bh4 Qd7 12. Qc2 Nd5 13. Nf3 Rc8 14. Ne5 Qe8 15. e4 Bxf1 16. Kxf1 Ne7 17. Bxe7 Qxe7 18. g3 c5 19. Kg2 Nc6 20. Nxc6 Rxc6 21. d5 Rd6 22. Rd2 1/2-1/2

[Event "Grand Prix Jerusalem 2019"]
[Site "Jerusalem"]
[Date "2019.12.11"]
[Round "1.5"]
[White "Wei, Yi"]
[Black "Giri, Anish"]
[Result "1/2-1/2"]
[WhiteElo "2725"]
[BlackElo "2769"]
[Annotator "TA"]
[PlyCount "117"]
[EventDate "2019.12.11"]
[EventType "k.o."]
[EventCountry "ISR"]
[SourceTitle "playchess.com"]
[Source "ChessBase"]
[SourceQuality "1"]

{[%evp 13,117,9,11,0,0,0,0,0,0,0,0,15,2,-5,15,0,8,27,76,38,31,18,26,32,125,119,119,118,112,117,174,98,94,96,110,91,93,93,96,95,86,66,67,68,94,57,57,0,83,76,96,100,102,0,145,60,72,57,50,40,54,44,105,105,104,105,146,145,136,135,78,64,64,41,54,32,43,24,42,0,52,0,58,58,55,38,83,90,86,50,50,45,44,39,49,50,66,40,41,45,39,0,16,0,38,0]} 1. e4 c5 2. Nf3 d6 3. d4 cxd4 4. Nxd4 Nf6 5. Nc3 a6 6. Be3 e5 7. Nf3 Be7 8. Nd2 {B90: Sicilian Najdorf: Unusual White 6th moves, 6 Be3 Ng4 and 6 Be3 e5} b5 9. a4 b4 10. Nd5 {The position is equal.} Nxd5 11. exd5 O-O 12. Nc4 Nd7 13. a5 Rb8 14. Be2 f5 15. O-O {[#]} Kh8 $146 ({Predecessor:} 15... f4) 16. Ba7 Rb7 17. Bb6 $36 {[%mdl 2048] White has good play.} Nxb6 18. Nxb6 Rxb6 ({Black should try} 18... Rc7 $14) 19. axb6 $16 Qxb6 20. c3 bxc3 21. bxc3 e4 (21... a5 $16 {might work better.}) 22. Qd4 (22. Qa4 $1 $18) 22... Qxd4 23. cxd4 Bf6 24. Ra4 Bb7 25. Bc4 Bxd4 26. Rb1 Ba8 27. Rxa6 Bc5 28. Ra5 g6 29. Rab5 Ba7 $1 30. Ra5 Bc5 31. Kf1 Rd8 32. Rab5 {Black must now prevent Rb8.} Ba7 33. Ra5 (33. f3 $16) 33... Bd4 {[#]} (33... Bc5 $1 $11 {keeps the balance.}) 34. Ke2 (34. Rd1 $1 $16 {[%cal Rd1d4]} Be5 35. Bb5) 34... Kg7 $14 35. Rd1 Bb6 $1 {[%cal Rb6a5]} 36. Ra4 Bc5 37. Bb5 Kf6 (37... Rc8 $14) 38. Bc6 $16 Bxc6 39. dxc6 {[%mdl 4096] Endgame KRR-KRB} Ke5 40. Rb1 Rc8 {[#]} 41. Ra6 $1 d5 42. Rb5 Bd6 43. g3 Bc7 44. Ra2 Rd8 45. Ra7 Rc8 46. Ra2 Rd8 47. Ra7 Rc8 48. Ke3 g5 49. f4+ exf3 50. Kxf3 Kd6 51. Ra2 {And now Rd2 would win.} Re8 52. Rc2 Re4 53. Rd2 Re5 54. Rb1 h5 55. Rc1 Re4 56. Rcd1 Re5 57. Rc1 Re4 58. Rcd1 Re5 $1 59. Rc1 {Accuracy: White = 54%, Black = 63%.} 1/2-1/2

[Event "Grand Prix Jerusalem 2019"]
[Site "Jerusalem"]
[Date "2019.12.13"]
[Round "1.5"]
[White "Harikrishna, Pentala"]
[Black "Karjakin, Sergey"]
[Result "1/2-1/2"]
[WhiteElo "2724"]
[BlackElo "2754"]
[Annotator "ChessBase"]
[PlyCount "44"]
[EventDate "2019.12.11"]
[EventType "k.o."]
[EventCountry "ISR"]
[SourceTitle "playchess.com"]
[Source "ChessBase"]
[SourceQuality "1"]
[TimeControl "600+10"]

1. d4 Nf6 2. c4 e6 3. g3 d5 4. Bg2 Be7 5. Nf3 O-O 6. O-O dxc4 7. Qc2 a6 8. a4 Bd7 9. Qxc4 Bc6 10. Bg5 Nbd7 11. Nc3 h6 12. Bxf6 Nxf6 13. a5 Qd6 14. Qd3 Rfd8 15. Rfd1 Qb4 16. e4 Bf8 17. Qc2 Rab8 18. h3 Rbc8 19. Kh2 Rb8 20. Kg1 Rbc8 21. Kh2 Rb8 22. Kg1 Rbc8 1/2-1/2

[Event "Grand Prix Jerusalem 2019"]
[Site "Jerusalem"]
[Date "2019.12.13"]
[Round "1.5"]
[White "Navara, David"]
[Black "Wang, Hao"]
[Result "1/2-1/2"]
[WhiteElo "2707"]
[BlackElo "2756"]
[Annotator "TA"]
[PlyCount "82"]
[EventDate "2019.12.11"]
[EventType "k.o."]
[EventCountry "ISR"]
[SourceTitle "playchess.com"]
[Source "ChessBase"]
[SourceQuality "1"]

{[%evp 11,82,24,30,18,26,16,36,27,40,29,40,30,22,12,22,6,11,0,20,20,13,21,22,18,25,10,25,12,18,36,47,26,35,34,39,13,31,33,48,23,16,16,32,25,25,8,15,8,9,18,16,8,8,7,71,65,51,21,20,22,24,25,24,38,39,14,14,14,14,14,14,14,14]} 1. d4 d5 2. c4 c6 3. Nf3 Nf6 4. e3 Bf5 5. Nc3 e6 6. Nh4 Bg6 7. Be2 {D12: Slav Defence: 3 Nf3 Nf6 4 e3 Bf5} Nbd7 8. O-O Bd6 9. g3 {White is slightly better.} O-O 10. Nxg6 hxg6 11. Qb3 {Black must now prevent c5.} Rb8 12. a4 $146 ({Predecessor:} 12. Bd2 b5 13. cxb5 cxb5 14. Rfc1 a6 {1-0 (42) Gelfand,B (2725)-Artemiev,V (2653) Moscow 2016}) 12... a5 13. Rd1 Qe7 14. Qc2 Rfd8 15. b3 Rbc8 16. Bb2 Bb4 17. Na2 Bd6 18. Rac1 Ne4 19. Nc3 Nxc3 20. Bxc3 Bb4 21. Qd2 Bxc3 22. Qxc3 Ra8 23. Bf3 Nf6 24. h4 Ne8 25. e4 dxe4 26. Bxe4 Nf6 27. Bf3 Rd7 28. Rd2 e5 29. dxe5 Rxd2 30. Qxd2 Qxe5 31. b4 axb4 32. Qxb4 Qc7 (32... Ne4 $11) 33. Rb1 $16 Ra7 {[#]} 34. a5 $1 {[%mdl 512]} Rxa5 35. Qxb7 Qxb7 36. Rxb7 $11 {[%mdl 4096] Endgame KRB-KRN} Rc5 37. Rb8+ Kh7 38. Rf8 Nd7 $1 {[%cal Rd7f8] The position is equal.} 39. Rxf7 Ne5 40. Rf8 {White wants to play Be4.} Nxf3+ 41. Rxf3 Rxc4 {Accuracy: White = 52%, Black = 52%.} 1/2-1/2

[Event "Grand Prix Jerusalem 2019"]
[Site "Jerusalem"]
[Date "2019.12.13"]
[Round "1.6"]
[White "Wang, Hao"]
[Black "Navara, David"]
[Result "1/2-1/2"]
[WhiteElo "2756"]
[BlackElo "2707"]
[Annotator "TA"]
[PlyCount "96"]
[EventDate "2019.12.11"]
[EventType "k.o."]
[EventCountry "ISR"]
[SourceTitle "playchess.com"]
[Source "ChessBase"]
[SourceQuality "1"]

{[%evp 18,96,0,0,27,-23,-26,-26,-21,-8,-14,-18,-18,-28,0,0,0,0,0,0,0,0,0,0,0,-4,-12,-12,-15,-17,-16,-20,-11,-19,-14,-53,0,0,0,-99,-93,-100,-98,-88,-80,-80,-80,-80,-80,-80,-80,-80,-80,-68,-68,-68,-29,-80,-30,-202,0,0,0,0,0,0,0,0,0,0,0,0,0,0,0,0,0,0,0,0,0]} 1. Nf3 Nf6 2. c4 e6 3. g3 d5 4. Bg2 Be7 5. O-O O-O 6. d4 dxc4 7. Ne5 Nc6 8. Nxc6 bxc6 9. Na3 Bxa3 10. bxa3 Rb8 {E05: Open Catalan: 5 Nf3 Be7} (10... Ba6 11. Qd2 Rb8 12. Qa5 Qc8 13. a4 Rd8 14. Rd1 c3 15. Bg5 Bxe2 16. Bxf6 gxf6 17. Re1 Bc4 18. Qh5 Bd5 {0-1 (82) Mamedyarov,S (2764)-Aronian,L (2765) Saint Louis 2019}) 11. a4 Qd6 $146 ({Predecessor:} 11... c5 12. dxc5 Qxd1 13. Rxd1 Nd5 14. Bd2 c3 15. Be1 Rb4 16. e4 Nf6 17. Bxc3 Rxa4 18. Be5 Nxe4 {½-½ (35) Bitelmajer,M (2458)-Quiroga,F (2267) Buenos Aires 2019}) 12. e4 {Black must now prevent e5.} e5 {Black has an edge.} 13. dxe5 Qxe5 {[%mdl 64] Double Attack} 14. Bf4 Qa5 15. Qd4 c5 16. Qe5 Re8 17. Qxc7 Qxc7 18. Bxc7 Rb7 19. Ba5 Nxe4 20. Rac1 Rbe7 21. Rfe1 Ba6 22. f3 {[%cal Re1e4]} Nf6 23. Rxe7 Rxe7 24. Bf1 h6 25. Kf2 Nd7 26. Bc3 Nb6 ({Better is} 26... Ne5 $15) 27. a5 $11 Nd5 28. Be1 {[#]} (28. Bd2 $11) 28... Nb4 $1 $17 {[%cal Rb4d3]} 29. Bxb4 cxb4 {[%mdl 4096] Endgame KRB-KRB} 30. Rb1 Re5 31. Rxb4 Rxa5 32. a4 c3 {And now ...c2 would win.} 33. Bxa6 Rxa6 {KR-KR} 34. Rc4 {[#]} c2 $1 {[%mdl 512]} 35. Rxc2 Rxa4 36. g4 a5 37. Rc8+ Kh7 {Strongly threatening ...Ra2+.} 38. Ra8 $2 (38. Rc7 $11) 38... h5 $2 (38... Ra2+ $19 39. Ke3 a4) 39. gxh5 $11 {The position is equal.} Ra1 40. Ra6 f6 41. Ra8 a4 42. Kg3 a3 43. Kf4 Ra2 44. h3 Ra1 45. Kf5 Ra2 46. Kf4 Ra1 47. Kf5 a2 48. f4 Rh1 {Accuracy: White = 68%, Black = 63%.} 1/2-1/2

[Event "Grand Prix Jerusalem 2019"]
[Site "Jerusalem"]
[Date "2019.12.13"]
[Round "1.6"]
[White "Karjakin, Sergey"]
[Black "Harikrishna, Pentala"]
[Result "1/2-1/2"]
[WhiteElo "2754"]
[BlackElo "2724"]
[Annotator "TA"]
[PlyCount "86"]
[EventDate "2019.12.11"]
[EventType "k.o."]
[EventCountry "ISR"]
[SourceTitle "playchess.com"]
[Source "ChessBase"]
[SourceQuality "1"]

{[%evp 14,86,6,5,10,9,17,11,22,18,26,24,21,1,18,0,14,8,13,31,14,21,18,15,46,47,38,37,40,0,11,0,0,-28,-33,-30,-33,-50,-39,-36,-50,-41,-17,-17,-15,-13,-13,-22,-27,-30,-16,-8,-6,-8,-6,-15,0,-35,-34,-21,-33,-29,0,0,0,0,0,0,0,0,0,0,0,0,0]} 1. e4 e5 2. Nf3 Nc6 3. Bc4 Bc5 4. O-O Nf6 5. d3 d6 6. c3 O-O 7. h3 h6 8. Re1 a6 {C54: Giuoco Piano: 4 c3 Nf6, main lines with 5 d4 and 5 d3} 9. a4 Ba7 10. Nbd2 Re8 11. b4 {[%cal Bb2b4,Bb4b5][%mdl 32]} Be6 12. Bxe6 Rxe6 13. Bb2 Qd7 14. Nf1 {[#]} Rd8 $146 ({Predecessor:} 14... Rae8 15. b5 {0-1 (39) Vachier Lagrave,M (2778)-Ding,L (2805) Saint Louis 2019}) 15. b5 Ne7 16. c4 Nh5 17. Nd4 Bxd4 18. Bxd4 Nf6 19. Bc3 Ng6 20. Ng3 axb5 21. cxb5 c6 22. bxc6 Qxc6 23. Qb3 d5 24. Rec1 {[#] Threatens to win with Ba5.} Qa6 25. Qb5 Nf4 26. Qxa6 bxa6 27. Rd1 Rc8 28. Bd2 Nxd3 29. exd5 Nxd5 {[#]} 30. Bxh6 $1 {[%mdl 512]} e4 (30... Rxh6 31. Rxd3) 31. Be3 Nxe3 32. fxe3 Rc3 33. Ne2 Rc4 34. Rdb1 Nb4 35. Rd1 Nc2 36. Rd8+ Kh7 37. Rf1 f6 38. Rf5 $36 {[%mdl 2048] aiming for Rh5+.The position is equal. White has good play.} Re5 39. Rxe5 fxe5 40. Rd5 Rxa4 41. Rxe5 Nxe3 42. Nc3 Ra1+ 43. Kf2 Nd1+ {Accuracy: White = 80%, Black = 54%.} 1/2-1/2

[Event "Grand Prix Jerusalem 2019"]
[Site "Jerusalem"]
[Date "2019.12.13"]
[Round "1.6"]
[White "Jakovenko, Dmitry"]
[Black "Mamedyarov, Shakhriyar"]
[Result "1-0"]
[WhiteElo "2698"]
[BlackElo "2772"]
[Annotator "TA"]
[PlyCount "93"]
[EventDate "2019.12.11"]
[EventType "k.o."]
[EventCountry "ISR"]
[SourceTitle "playchess.com"]
[Source "ChessBase"]
[SourceQuality "1"]

{[%evp 11,115,10,19,15,20,22,34,23,27,22,31,27,26,14,30,21,32,32,29,29,30,32,37,17,25,0,0,0,0,0,23,27,42,34,120,116,102,116,102,111,112,73,87,69,192,141,219,216,214,218,222,232,245,232,240,222,290,291,286,307,284,270,291,258,379,375,374,304,532,509,847,770,819,464,561,549,480,520,489,535,535,520,535,528,504,508,660,661,661,661,29971,646,29970,29975,29974,29976,29976,29977,29977,29977,29977,29974,29978,29979,29982,29983]} 1. e4 e5 2. Nf3 Nc6 3. Bc4 Bc5 4. c3 Nf6 5. d3 d6 6. O-O a6 7. a4 {C54: Giuoco Piano: 4 c3 Nf6, main lines with 5 d4 and 5 d3} Ba7 $146 (7... O-O 8. Re1 Ba7 9. h3 h6 10. Nbd2 Re8 11. b4 Be6 12. Bxe6 Rxe6 13. Nf1 Qd7 14. Be3 Bxe3 15. Nxe3 d5 {1-0 (53) Vachier Lagrave,M (2774)-Aronian,L (2758) Khanty-Mansiysk 2019}) 8. Nbd2 Qe7 9. b4 {White is slightly better.} O-O 10. h3 Be6 11. Re1 h6 12. Bxe6 fxe6 13. Nf1 Qf7 14. Be3 Bxe3 15. Rxe3 Ne7 16. d4 Nd7 17. Qc2 Ng6 18. N1h2 a5 19. b5 Rac8 20. Ng4 h5 21. Ngh2 $1 Qf6 22. Rd1 Nh8 ({Black should try} 22... Rf7 $14) 23. dxe5 $16 Nxe5 24. Nxe5 Qxe5 25. Nf3 Qf4 26. c4 Nf7 27. c5 e5 ({Better is} 27... Ng5 $14) 28. Rc1 (28. Rc3 $18 {Hoping for cxd6.} Rfd8 29. cxd6 Rxd6 30. Rxd6 Nxd6 31. Rc5 (31. Rxc7 Rxc7 32. Qxc7 {[%mdl 64] Double Attack} Nxe4 $16)) 28... Kh8 (28... dxc5 $16 {keeps fighting.} 29. Qxc5 b6) 29. cxd6 $18 Nxd6 30. Rd1 {[%cal Bc1d1,Bd1d5,Bd5c5][%mdl 32]} Qf6 31. Rd5 Rfe8 32. Rc5 Re7 33. Rec3 Ne8 34. b6 c6 35. Rxa5 Nd6 36. Rac5 g5 37. a5 {[%cal Ba4a5,Ba5a6][%mdl 32]} g4 (37... Ra8 $142 38. Qe2 Rg8) 38. Nh2 Rg8 {[#]} 39. a6 $1 {[%mdl 512]} Qf4 $2 (39... Nb5 40. Rg3 Qd6 41. hxg4 Nd4) (39... bxa6 40. Rxc6) 40. axb7 Reg7 (40... Qxe4 $142 41. Rxc6 Qxc2 42. Rxc2 Nxb7 43. hxg4 hxg4 44. Rh6+ Kg7) 41. hxg4 hxg4 42. Qc1 g3 43. Qxf4 exf4 44. Rh5+ Rh7 45. Rxh7+ Kxh7 46. fxg3 fxg3 47. Ng4 {Played: Rc3xg3} 1-0